| 000 | 00608nam a22001937a 4500 | ||
|---|---|---|---|
| 999 |
_c9541 _d9541 |
||
| 003 | AR-CdUCM | ||
| 008 | 190328b ||||| |||| 00| 0 spa d | ||
| 020 | _a978-84-683-1186-9 | ||
| 040 |
_aMUNICIPALIDAD PROVINCIAL DEL CUSCO _cBIBLIOTECA MUNICIPAL DEL CUSCO |
||
| 082 |
_aSI-0089 / _bLOZ / rin |
||
| 100 |
_aLozano Carbayo, Pilar _925807 |
||
| 245 |
_aRino detective : _by un extraño muy extraño / |
||
| 260 |
_aBarcelona : _bEdebé, _c2014. |
||
| 300 |
_a53 páginas ; _bIlustraciones. _c22 cm. |
||
| 650 |
_aLiteratura infantil _9588 |
||
| 650 |
_aSiglo XXI _92856 |
||
| 942 |
_2ddc _cLIBROS |
||
| 945 | _aafb | ||